00904nam a2200253 i 4500003000900000005001700009007000300026008004100029040003000070082001900100100004500119245008500164250002200249264006100271300002700332336002700359337003300386338002800419590002700447910001400474942001400488952013100502999001700633DO-SdBNP20250611090144.0ta250611t1982 dr 000 0 spa d aDO-SdBNPbspacBNPHUerda axxxxbV4662221 aVentocilla, Eleodoroeautor4aut.98702510aDemocracia dominicana :bSalvador Jorge Blanco 1982-1986 /cEleodoro Ventocilla  aPrimera edición aRepública de Panamá :bEditorial Nuevo Mundo,c1982. a[50] páginasc21 cm. atextobtxt2rdacontent asin mediaciónbn2rdamedia avolumenbnc2rdacarrier aInventariado, 2025/ YL aYLockward 2ddccLBS1 00102ddc51708PDaBNPHUbBNPHUcCTd2021-03-24eDonación l0oBNPHU PD xxxx V466p2025-5066r2025-06-11w2025-06-11yLBS1 c59214d59214